00423nam a2200109Ia 4500008004100000050002200041100002300063245010600086260008600192300002000278521001500298140724s9999 xx 000 0 und d aBL 53b.F333 2013 aFeniza, Alexander. 2aA study on the common problems and coping strategies of selected teenage mothers /cAlexander Feniza. aLas Piñas, Philippines :bSouthville International School and Colleges,cc2013. a45 p. :c28 cm. aPsychology